Znani Polacy o imieniu Artur - Statystyki

Ogólne statystyki
  • Ten quiz został rozwiązany 25 razy
  • Średni wynik to 5 z 15
Statystyki odpowiedzi
Podpowiedź Nazwisko % Poprawnych
Bramkarz reprezentacji Polski Artur Boruc
96%
Aktor, znany jako Ojciec Mateusz Artur Żmijewski
92%
Aktor, znany z "Ranczo" czy "Dekalog" Artur Barciś
56%
Bokser Artur Szpilka
52%
Dziennikarz, piosenkarz-- "Cyniczne córy Zurychu" Artur Andrus
48%
Piłkarz Legii Warszawa Artur Jędrzejczyk
40%
Pianista żydowskiego pochodzenia Artur Rubinstein
40%
Kandydat na Prezydenta RP 2025 Artur Bartoszewicz
20%
Malarz Artur Grottger
20%
Były poseł, nazwisko na "d" Artur Dziambor
12%
Siatkarz Artur Szalpuk
12%
Alpinista, zginął w 2013 Artur Hajzer
4%
Piłkarz Artur Wichniarek
4%
Polityk prawicy, dawny poseł Artur Zawisza
4%
Uczestnik Powstania Listopadowego Artur Zawisza
4%
Nie znaleziono quizów pasujących do podanych kryteriów
Rozkład punktacji
Procent ludzi z każdym wynikiem
Percentyl według liczby udzielonych odpowiedzi
Twoja historia wyników
Nie rozwiązałeś tego quizu